Online
Catalog

Seis ensayos en busca de nuestra expresión / (Record no. 13604)

MARC details
000 -CABECERA
campo de control de longitud fija 02084nam a2200397 i 4500
001 - NÚMERO DE CONTROL
campo de control 000014000
003 - IDENTIFICADOR DEL NÚMERO DE CONTROL
campo de control DO-SdBNP
005 - FECHA Y HORA DE LA ÚLTIMA TRANSACCIÓN
campo de control 20250307073709.0
007 - CAMPO FIJO DE DESCRIPCIÓN FÍSICA--INFORMACIÓN GENERAL
campo de control de longitud fija ta
008 - DATOS DE LONGITUD FIJA--INFORMACIÓN GENERAL
campo de control de longitud fija 091202s2006 dr 001 0 spa d
020 ## - NÚMERO INTERNACIONAL ESTÁNDAR DEL LIBRO
Número Internacional Estándar del Libro 9945404113
040 ## - FUENTE DE LA CATALOGACIÓN
Centro catalogador/agencia de origen DO-SdBNP
Lengua de catalogación spa
Centro/agencia transcriptor BNPHU
Normas de descripción rda
082 #4 - NÚMERO DE LA CLASIFICACIÓN DECIMAL DEWEY
Número de clasificación RD864.42
Número de documento/Ítem H519s
Número de edición 22
100 1# - ENTRADA PRINCIPAL--NOMBRE DE PERSONA
Nombre de persona Henríquez Ureña, Pedro,
Fechas asociadas al nombre 1884-1946
Término indicativo de función/relación autor
9 (RLIN) 1718
245 10 - MENCIÓN DE TÍTULO
Título Seis ensayos en busca de nuestra expresión /
Mención de responsabilidad, etc. Pedro Henríquez Ureña ; editor, Miguel Collado ; presentación, Alejandrina Germán ; prólogo, Emilio Carilla.
264 #1 - PRODUCCIÓN, PUBLICACIÓN, DISTRIBUCIÓN, FABRICACIÓN Y COPYRIGHT
Producción, publicación, distribución, fabricación y copyright Santo Domingo :
Nombre del de productor, editor, distribuidor, fabricante Secretaría de Estado de Educación,
Fecha de producción, publicación, distribución, fabricación o copyright 2006.
300 ## - DESCRIPCIÓN FÍSICA
Extensión 143 páginas ;
Dimensiones 22 cm.
336 ## - TIPO DE CONTENIDO
Término de tipo de contenido texto
Código de tipo de contenido txt
Fuente rdacontent
337 ## - TIPO DE MEDIO
Nombre/término del tipo de medio sin mediación
Código del tipo de medio n
Fuente rdamedia
338 ## - TIPO DE SOPORTE
Nombre/término del tipo de soporte volumen
Código del tipo de soporte nc
Fuente rdacarrier
500 ## - NOTA GENERAL
Nota general Incluye referencias bibliográficas y notas al pie de las páginas
505 2# - NOTA DE CONTENIDO CON FORMATO
Nota de contenido con formato Presentación /
Mención de responsabilidad Alejandrina Germán --
Título Prólogo /
Mención de responsabilidad Emilio Carilla --
Título Orientaciones --
-- El descontento y la promesa --
-- Caminos de nuestra historia literaria --
-- Hacia el nuevo teatro --
-- Figuras --
-- Don Juan Ruiz de Alarcón --
-- Enrique González Martínez --
-- Alfonso Reyes --
-- Caminos de nuestra historia literaria --
-- El amigo argentino --
-- Alfonso Reyes --
-- Poesía argentina contemporánea --
-- Veinte años de literatura en los Estados Unidos --
-- Palabras finales --
-- Notas.
590 ## - NOTA LOCAL (RLIN)
Nota local Inventariado, 2024/DG
600 10 - PUNTO DE ACCESO ADICIONAL DE MATERIA--NOMBRE DE PERSONA
Nombre de persona Henríquez Ureña, Pedro,
Fechas asociadas al nombre 1884-1946
Subdivisión general Pensamiento político y social
9 (RLIN) 1718
650 #4 - PUNTO DE ACCESO ADICIONAL DE MATERIA--TÉRMINO DE MATERIA
Término de materia o nombre geográfico como elemento de entrada Intelectuales
Subdivisión geográfica República Dominicana
9 (RLIN) 1721
650 #4 - PUNTO DE ACCESO ADICIONAL DE MATERIA--TÉRMINO DE MATERIA
Término de materia o nombre geográfico como elemento de entrada Español
Subdivisión general Lexicografía
9 (RLIN) 1722
650 #0 - PUNTO DE ACCESO ADICIONAL DE MATERIA--TÉRMINO DE MATERIA
Término de materia o nombre geográfico como elemento de entrada Identidad colectiva
9 (RLIN) 1723
650 #0 - PUNTO DE ACCESO ADICIONAL DE MATERIA--TÉRMINO DE MATERIA
Término de materia o nombre geográfico como elemento de entrada Ensayos dominicanos
9 (RLIN) 65
650 #0 - PUNTO DE ACCESO ADICIONAL DE MATERIA--TÉRMINO DE MATERIA
Término de materia o nombre geográfico como elemento de entrada Literatura dominicana.
9 (RLIN) 67
651 #4 - PUNTO DE ACCESO ADICIONAL DE MATERIA--NOMBRE GEOGRÁFICO
Nombre geográfico República Dominicana
Subdivisión general Características Nacionales
9 (RLIN) 1720
700 1# - PUNTO DE ACCESO ADICIONAL--NOMBRE DE PERSONA
Nombre de persona Germán, Alejandrina
Término indicativo de función/relación Presentación
Código de función/relación pre.
9 (RLIN) 12096
700 1# - PUNTO DE ACCESO ADICIONAL--NOMBRE DE PERSONA
Nombre de persona Collado, Miguel A.,
Fechas asociadas al nombre 1954-
Término indicativo de función/relación editor
Código de función/relación ed.
9 (RLIN) 24696
700 1# - PUNTO DE ACCESO ADICIONAL--NOMBRE DE PERSONA
Nombre de persona Carilla, Emilio,
Término indicativo de función/relación prologuista
Código de función/relación pr.
9 (RLIN) 31678
910 ## - DATOS DE OPCIÓN DEL USUARIO (OCLC)
Datos de opción del usuario Validado. Control de calidad BNPHU.
942 ## - ELEMENTOS DE PUNTO DE ACCESO ADICIONAL (KOHA)
Fuente del sistema de clasificación o colocación Dewey Decimal Classification
Tipo de ítem Koha Libro
Holdings
Estado de retiro Estado de pérdida Fuente del sistema de clasificación o colocación Restricciones de uso No para préstamo Código de colección Localización permanente Ubicación/localización actual Ubicación en estantería Fecha de adquisición Total de préstamos Signatura topográfica completa Código de barras Fecha visto por última vez Número de copia Precio válido a partir de Tipo de ítem Koha Fuente de adquisición Nota pública
    Dewey Decimal Classification Préstamo en sala   Dominicana de Servicio Biblioteca Nacional Pedro Henríquez Ureña Biblioteca Nacional Pedro Henríquez Ureña Depósito 27.09.2011   BNPHU DS RD864.42 H519s 14000-40 25.06.2020 e. 3 25.06.2020 Libro    
    Dewey Decimal Classification Préstamo en sala   Dominicana de Servicio Biblioteca Nacional Pedro Henríquez Ureña Biblioteca Nacional Pedro Henríquez Ureña Depósito 23.05.2013   BNPHU DS RD864.42 H519s 14000-50 25.06.2020 e. 4 25.06.2020 Libro    
    Dewey Decimal Classification Excluido de préstamo   Patrimonio Dominicano Biblioteca Nacional Pedro Henríquez Ureña Biblioteca Nacional Pedro Henríquez Ureña Depósito 02.12.2009   BNPHU PD RD864.42 H519s 14000-10 25.06.2020   25.06.2020 Libro    
    Dewey Decimal Classification Excluido de préstamo   Patrimonio Dominicano Biblioteca Nacional Pedro Henríquez Ureña Biblioteca Nacional Pedro Henríquez Ureña Depósito 13.07.2011   BNPHU PD RD864.42 H519s 14000-30 25.06.2020 e. 2 25.06.2020 Libro    
    Dewey Decimal Classification Préstamo en sala   Dominicana de Servicio Biblioteca Nacional Pedro Henríquez Ureña Biblioteca Nacional Pedro Henríquez Ureña En catalogación 26.07.2024   BNPHU DS RD864.42 H519s 2024-4628 26.07.2024 e.5 26.07.2024 Libro Donado por la Presidencia de la República Dominicana 2023. Perteneció a la biblioteca personal de Emilio Cordero Michel.

Powered by Koha